000 00302nam a22001337a 4500
008 180302b xxu||||| |||| 00| 0 eng d
020 _a013627241-X
041 _aeng
080 _a612.39
100 _a10
101 _aNUT
245 _aNutrition chemistry& biology
_cSpallholz,J.E
942 _2udc
_cBK
999 _c43914
_d43914